| 000 | 00372nam a22001457a 4500 | ||
|---|---|---|---|
| 040 | _cNUST | ||
| 082 |
_a620.112 _bGER |
||
| 100 |
_aJames M. Gere _913396 |
||
| 110 |
_aStephen P. Timoshenko _9124734 |
||
| 245 | _aMechanics of Materials | ||
| 250 | _aFourth Edition | ||
| 260 |
_aLondon: _bStanley Thornes, _c1999. |
||
| 650 | _2Mechanics of Materials | ||
| 942 |
_2ddc _cBK |
||
| 999 |
_c610812 _d610812 |
||